PRACTICAL BIOCHENISTRY (Record no. 3631)

MARC details
000 -LEADER
fixed length control field 00363nam a2200145Ia 4500
008 - FIXED-LENGTH DATA ELEMENTS--GENERAL INFORMATION
fixed length control field 150201s2006 xx 000 0 und d
082 ## - DEWEY DECIMAL CLASSIFICATION NUMBER
Classification number 612.015
Item number P2006G
100 ## - MAIN ENTRY--PERSONAL NAME
Personal name GUPTA,R.C.
245 ## - TITLE STATEMENT
Title PRACTICAL BIOCHENISTRY
250 ## - EDITION STATEMENT
Edition statement 4TH
260 ## - PUBLICATION, DISTRIBUTION, ETC. (IMPRINT)
Name of publisher, distributor, etc. C.B.S PUBLISHERS & DISTRIBUTERS
Place of publication, distribution, etc. DELHI
Date of publication, distribution, etc. 2006
300 ## - PHYSICAL DESCRIPTION
Extent 1-216
650 ## - SUBJECT ADDED ENTRY--TOPICAL TERM
Topical term or geographic name as entry element BIOCHEMISTRY
942 ## - ADDED ENTRY ELEMENTS (KOHA)
Source of classification or shelving scheme Dewey Decimal Classification
Koha item type Books
Koha issues (borrowed), all copies 3
Holdings
Withdrawn status Lost status Source of classification or shelving scheme Damaged status Not for loan Home library Current library Date acquired Source of acquisition Cost, normal purchase price Serial Enumeration / chronology SGTU Bill Number Total Checkouts Full call number Barcode Date last seen Date last checked out Bill Date Koha item type
    Dewey Decimal Classification     SGT Dental Library SGT Dental Library 15/01/2007 U.B.S.DELHI 90.00 1 SGTU 1048 1 612.015 P2006G FD4285 14/03/2018 10/03/2018 20/08/2012 Books
    Dewey Decimal Classification     SGT Dental Library SGT Dental Library 15/01/2007 U.B.S.DELHI 90.00 1 SGTU 1048 1 612.015 P2006G FD4286 20/03/2018 12/03/2018 20/08/2012 Books
    Dewey Decimal Classification     SGT Dental Library SGT Dental Library 15/01/2007 U.B.S.DELHI 90.00 1 SGTU 1048   612.015 P2006G FD4287 09/02/2015   20/08/2012 Books
    Dewey Decimal Classification     SGT Dental Library SGT Dental Library 15/01/2007 U.B.S.DELHI 90.00 1 SGTU 1048 2 612.015 P2006G FD4288 13/03/2018 12/03/2018 20/08/2012 Books
    Dewey Decimal Classification     SGT Dental Library SGT Dental Library 15/01/2007 U.B.S.DELHI 90.00 1 SGTU 1048 3 612.015 P2006G FD4289 11/05/2022 28/04/2022 20/08/2012 Books